Central Library OPAC University of Rajshahi

Economics / (Record no. 42468)

MARC details
000 -LEADER
fixed length control field 00748cam a2200253 a 4500
001 - CONTROL NUMBER
control field 42468
003 - CONTROL NUMBER IDENTIFIER
rucl marc code BD-RjUL
005 - DATE AND TIME OF LATEST TRANSACTION
control field 20211209053539.0
008 - FIXED-LENGTH DATA ELEMENTS--GENERAL INFORMATION
fixed length control field 160613s1946 maua b 001 0 eng
035 ## - SYSTEM CONTROL NUMBER
System control number (OCoLC)54906251
-- (BD-RjUL)42586
040 ## - CATALOGING SOURCE
Original cataloging agency DLC
Transcribing agency DLC
Modifying agency MYG
Language of cataloging eng
041 ## - LANGUAGE CODE
Language code of text/sound track or separate title eng
082 00 - DEWEY DECIMAL CLASSIFICATION NUMBER
Classification number 330
Edition number 22
Author mark and year ISE 1946
100 1# - MAIN ENTRY--PERSONAL NAME
Personal name Ise, John
9 (RLIN) 6103
245 10 - TITLE STATEMENT
Title Economics /
Statement of responsibility, etc. John Ise
260 ## - PUBLICATION, DISTRIBUTION, ETC. (IMPRINT)
Place of publication, distribution, etc. New york :
Name of publisher, distributor, etc. Harper &Brothers,
Date of publication, distribution, etc. 1946
300 ## - PHYSICAL DESCRIPTION
Pagination x, 731 p. :
Illustrations ill. ;
Size 27 cm.
504 ## - BIBLIOGRAPHY, ETC. NOTE
Bibliography, etc Includes bibliographical references and index.
650 #0 - SUBJECT ADDED ENTRY--TOPICAL TERM
Topical term or geographic name as entry element Economics.
9 (RLIN) 6104
856 41 - ELECTRONIC LOCATION AND ACCESS
Materials specified Table of contents
942 ## - ADDED ENTRY ELEMENTS (KOHA)
Source of classification or shelving scheme Dewey Decimal Classification
Koha item type Books
949 #0 - LOCAL PROCESSING INFORMATION (OCLC)
4 IP
a d
b DEW
c STACK
o 0
p 39080026627254
x 01
h HB171.5.S25 2005
Holdings
Lost status Source of classification or shelving scheme Damaged status Not for loan Collection code Permanent Location Current Location Shelving location Date acquired Source of acquisition Total Checkouts Full call number Date last seen Copy number Koha item type
  Dewey Decimal Classification     Non-fiction Central Library, University of Rajshahi Central Library, University of Rajshahi   23/07/1962 Asia Foundation   330 ISE 1946 13/06/2016 C-2 Books